书目信息 |
| 题名: |
地球
|
|
| 作者: | 杨恒达 , 李嵘翻 译 | |
| 分册: | ||
| 出版信息: | 长春 吉林科学技术出版社 2000.01 |
|
| 页数: | 46页 | |
| 开本: | 16开 | |
| 丛书名: | ||
| 单 册: | ||
| 中图分类: | P-33 | |
| 科图分类: | ||
| 主题词: | 天文学 , 地球科学 | |
| 电子资源: | ||
| ISBN: | 7-5384-2108-4 | |
| 000 | 00579nam0 2200217 45 | |
| 001 | 0008071032 | |
| 005 | 20000807110111.0 | |
| 010 | @a7-5384-2108-4@d15.00元 | |
| 100 | @a20000807d2000 km y0chiy0120 ea | |
| 101 | 0 | @achi |
| 105 | @a z 000yy | |
| 200 | 1 | @a地球@ADi Qiu@f杨恒达,李嵘翻译@FYang Heng Da,Li Rong Fan Yi |
| 210 | @a长春@c吉林科学技术出版社@d2000.01 | |
| 215 | @a46页@d16开 | |
| 606 | 0 | @a天文学 |
| 606 | 0 | @a地球科学 |
| 690 | @aP-33@v3 | |
| 701 | 0 | @a杨恒达@4译 |
| 701 | 0 | @a李嵘翻@4译 |
| 801 | @aCN@bPftUser@c20000807 | |
| 905 | @dP-33@eP768@b91531-535@f5 | |
| 地球/杨恒达,李嵘翻译.-长春:吉林科学技术出版社,2000.01 |
| 46页;16开 |
| ISBN 7-5384-2108-4:15.00元 |
| ● |
| 相关链接 |
|
|
|
正题名:地球
索取号:P-33/P768
 
预约/预借
| 序号 | 登录号 | 条形码 | 馆藏地/架位号 | 状态 | 备注 |
| 1 | 91531 | 200915313 | 测绘与城市空间信息学院资料室/422社科库 53排1列1层/ [索取号:P-33/P768] | 在馆 | |
| 2 | 91532 | 200915322 | 自科库401/422社科库 53排1列1层/ [索取号:P-33/P768] | 在馆 | |
| 3 | 91533 | 200915331 | 自科库401/422社科库 53排1列1层/ [索取号:P-33/P768] | 在馆 | |
| 4 | 91534 | 200915340 | 自科库401/422社科库 53排1列1层/ [索取号:P-33/P768] | 在馆 | |
| 5 | 91535 | 200915359 | 自科库401/422社科库 53排1列1层/ [索取号:P-33/P768] | 在馆 |